Применение технологий управления знаниями в гостиничном бизнесе; Инновационные технологии в машиностроении

Библиографические подробности
Источник:Инновационные технологии в машиностроении.— 2018.— [С. 193-197]
Главный автор: Маслов А. В. Анатолий Викторович
Автор-организация: Национальный исследовательский Томский политехнический университет (ТПУ) Юргинский технологический институт (филиал) (ЮТИ) Кафедра информационных систем (ИС)
Примечания:Заглавие с экрана
Знания - чрезвычайно важный фактор развития человеческого потенциала, а в условиях организации он превращается в весьма значимый ресурс, связанный с персоналом. В статье рассматриваются вопросы применения технологий управления знаниями в современных экономических условиях. Проанализировано понятие "управление знаниями". Определены основные препятствия к извлечению знаний и технологии, обеспечивающие процесс управления знаниями в гостиничном предприятии.
Knowledge is an extremely important factor in the development of human potential, and in terms of organization it becomes a very significant resource, I swear with the staff. The article deals with the use of control technologies in modern economic conditions. The concept of "knowledge management" is analyzed. There are identified the main obstacles to the extraction of knowledge and technology that ensure the process of management in a hotel enterprise.
Язык:русский
Опубликовано: 2018
Серии:Автоматизация, информатизация и менеджмент на предприятии
Предметы:
Online-ссылка:http://earchive.tpu.ru/handle/11683/50153
Формат: MixedMaterials Электронный ресурс Статья
Запись в KOHA:https://koha.lib.tpu.ru/cgi-bin/koha/opac-detail.pl?biblionumber=627243

MARC

LEADER 00000naa2a2200000 4500
001 627243
005 20231102024249.0
035 |a (RuTPU)RU\TPU\conf\26985 
035 |a RU\TPU\conf\26984 
090 |a 627243 
100 |a 20180823d2018 k y0rusy50 ca 
101 0 |a rus  |d eng 
102 |a RU 
105 |a y z 101zy 
135 |a drgn ---uucaa 
181 0 |a i  
182 0 |a b 
200 1 |a Применение технологий управления знаниями в гостиничном бизнесе  |f А. В. Маслов 
203 |a Текст  |c электронный 
225 1 |a Автоматизация, информатизация и менеджмент на предприятии 
230 |a 1 компьютерный файл (pdf; 156 Kb) 
300 |a Заглавие с экрана 
320 |a [Библиогр.: с. 196-197 (7 назв.)] 
330 |a Знания - чрезвычайно важный фактор развития человеческого потенциала, а в условиях организации он превращается в весьма значимый ресурс, связанный с персоналом. В статье рассматриваются вопросы применения технологий управления знаниями в современных экономических условиях. Проанализировано понятие "управление знаниями". Определены основные препятствия к извлечению знаний и технологии, обеспечивающие процесс управления знаниями в гостиничном предприятии. 
330 |a Knowledge is an extremely important factor in the development of human potential, and in terms of organization it becomes a very significant resource, I swear with the staff. The article deals with the use of control technologies in modern economic conditions. The concept of "knowledge management" is analyzed. There are identified the main obstacles to the extraction of knowledge and technology that ensure the process of management in a hotel enterprise. 
463 0 |0 (RuTPU)RU\TPU\conf\26327  |t Инновационные технологии в машиностроении  |o сборник трудов IX Международной научно-практической конференции, 24–26 мая 2018 г., Юрга  |f Национальный исследовательский Томский политехнический университет (ТПУ), Юргинский технологический институт (ЮТИ) ; под ред. Д. А. Чинахова  |v [С. 193-197]  |d 2018 
610 1 |a электронный ресурс 
610 1 |a труды учёных ТПУ 
610 1 |a технологии 
610 1 |a управление знаниями 
610 1 |a гостиничный бизнес 
610 1 |a экономические условия 
610 1 |a человеческий потенциал 
610 1 |a знания 
700 1 |a Маслов  |b А. В.  |c специалист в области информатики и вычислительной техники  |c доцент Юргинского технологического института (филиала) Томского политехнического университета  |f 1957-  |g Анатолий Викторович  |2 stltpush  |3 (RuTPU)RU\TPU\pers\24268  |9 10738 
712 0 2 |a Национальный исследовательский Томский политехнический университет (ТПУ)  |b Юргинский технологический институт (филиал) (ЮТИ)  |b Кафедра информационных систем (ИС)  |h 1492  |2 stltpush  |3 (RuTPU)RU\TPU\col\18893 
801 2 |a RU  |b 63413507  |c 20180824  |g RCR 
856 4 |u http://earchive.tpu.ru/handle/11683/50153 
942 |c BK